000 00843nam a22001815i 4500
001 48322
003 ES-MaACL
007 t|
008 950712s1875 fr ||||1| fre d
040 _aCAM
_bspa
_cCAM
100 1 _aDantès, Alfred.
_942662
245 1 0 _aDictionnaire biographique et bibliographique... des hommes les plus remarquables dans les lettres, les sciences et les arts... /
_cpar Alfred Dantès.
260 _aParis :
_b[s.n.],
_c1875 (
_fVve. P. Larousse)
300 _a1423 p. ;
_c25 cm.
505 8 _aContiene además: Tableau cronologique et alphabetique des principaux evenements de l'histoire du mondee depuis la creation jusqu'a nos jours: 154, [4] p.
740 0 _aTableau cronologique et alphabetique du principaux événements de l'histoire du monde depuis la creation jusqu'a nos jours.
852 _aES-MaACL
_jB-1997
999 _c48322
_d48322